000 01288nam0a22002771 4500
001 rc\4090346
005 20250611085223.0
021 _aRU
_b[51-38517]
035 _a(NLR Aleph) 008131883
090 _a9429120
_c9429120
100 _a20130415d1951 |||y0rusy50 ca
101 0 _arus
102 _aRU
105 _ay z |||||
200 1 _aОб Отчетном докладе И.В. Сталина на XVIII съезде Партии о работе ЦК ВКП(б)
210 _a[Москва]
_cГосполитиздат
_d1951
215 _a32 с.
_d20
225 1 _aВ помощь пропагандисту
600 1 _aСталин
_bИ.В.
_f1879-1953
_gИосиф Виссарионович
_2psbo
604 _150010$aОтчетный доклад на XVIII Съезде Партии ЦК ВКП(б)
_1700#1$aСталин$bИ.В.$gИосиф Виссарионович
_tОтчетный доклад на XVIII Съезде Партии ЦК ВКП(б)
_aСталин, Иосиф Виссарионович
700 1 _7ca
_8rus
_aГаврилов
_bБ. А.
_cд-р ист. наук
_gБорис Александрович
_9270296
_3RU\NLR\AUTH\770270352
801 0 _aRU
_bNLR
_gpsbo
801 1 _aRU
_bELAR
_2rusmarc
852 _aNLR
_jМ20 Г-4/504
942 _cBOOK
980 _aNB